2-я выставка-ярмарка "Кровля и изоляция - 2001"; Трубопроводы и экология; № 1

Podrobná bibliografie
Parent link:Трубопроводы и экология: научно-практический журнал.— , 2002-2012
№ 1.— 2002.— С. 9-10
Hlavní autor: Бухин В. Е.
Jazyk:ruština
Vydáno: 2002
Edice:События
Témata:
Médium: MixedMaterials Kapitola
KOHA link:https://koha.lib.tpu.ru/cgi-bin/koha/opac-detail.pl?biblionumber=383126

MARC

LEADER 00000naa2a2200000 4500
001 383126
005 20231101063055.0
035 |a (RuTPU)RU\TPU\prd\8309 
090 |a 383126 
100 |a 20021112a2002 k y0rusy50 ca 
101 0 |a rus 
102 |a RU 
200 1 |a 2-я выставка-ярмарка "Кровля и изоляция - 2001"  |f В. Е. Бухин 
225 1 |a События 
461 1 |0 (RuTPU)RU\TPU\prd\4239  |t Трубопроводы и экология  |o научно-практический журнал  |d 2002-2012 
463 1 |0 (RuTPU)RU\TPU\prd\4240  |t № 1  |v С. 9-10  |d 2002 
610 1 |a кровельные материалы 
610 1 |a изоляционные материалы 
610 1 |a выставки 
700 1 |a Бухин  |b В. Е. 
801 1 |a RU  |b 63413507  |c 20021112  |g PSBO 
801 2 |a RU  |b 63413507  |c 20140703  |g RCR 
942 |c BK